| 000 | 02211cam a2200289zu 4500 | ||
|---|---|---|---|
| 001 | 88972110 | ||
| 003 | FRCYB88972110 | ||
| 005 | 20251020123038.0 | ||
| 006 | m o d | ||
| 007 | cr un | ||
| 008 | 251020s2024 fr | o|||||0|0|||fre d | ||
| 020 | _a9782760560468 | ||
| 035 | _aFRCYB88972110 | ||
| 040 |
_aFR-PaCSA _bfr _c _erda |
||
| 100 | 1 | _aCorrea Molina, Enrique | |
| 245 | 0 | 1 |
_aACCOMPAGNEMENT DES STAGIAIRES _bL'argumentation réflexive au service du formateur _c['Correa Molina, Enrique', 'Gervais, Colette'] |
| 264 | 1 |
_bPresses de l'Université du Québec _c2024 |
|
| 300 | _a p. | ||
| 336 |
_btxt _2rdacontent |
||
| 337 |
_bc _2rdamdedia |
||
| 338 |
_bc _2rdacarrier |
||
| 650 | 0 | _a | |
| 700 | 0 | _aCorrea Molina, Enrique | |
| 700 | 0 | _aGervais, Colette | |
| 856 | 4 | 0 |
_2Cyberlibris _uhttps://international.scholarvox.com/netsen/book/88972110 _qtext/html _a |
| 520 | _aLes stages occupent une place centrale dans la formation initiale des futures cohortes enseignantes. La présence de formatrices et de formateurs compétents pour accompagner les stagiaires constitue un élément crucial dans leur parcours professionnalisant. Pour la personne qui s’occupe de la formation, s’engager dans un tel processus consiste à accepter d’endosser un véritable rôle formateur afin d’aider les stagiaires à axer leur pratique sur la réflexion, l’autonomie et la responsabilisation de leurs actes, en plus de les outiller pour ce faire. Cet ouvrage a été conçu à partir de projets de recherches que les auteurs ont menés sur les stages. Un objet d’étude les a particulièrement intéressés?: l’accès au savoir issu de l’expérience et de la pratique. Le dispositif de formation présenté entre ces pages, soit l’argumentation réflexive, se veut une approche à la fois structurée et respectueuse d’un contexte normal de stage. Alliant pragmatisme et théorie, L’accompagnement des stagiaires?: l’argumentation réflexive au service du formateur se destine aux responsables de la formation des enseignantes et des enseignants, mais aussi à celles et ceux qui désirent en apprendre davantage sur l’organisation et le suivi des stages. | ||
| 999 |
_c1552836 _d1552836 |
||